000 00946nam a22002417a 4500
005 20120518152246.0
008 120518t xxu||||| |||| 00| 0 eng d
010 _aENG-105360
020 _a9788124606186
_c195.00
020 _a8124606188
_c195.00
035 _aEN-88893
037 _bDBAD/PUB
040 _aDPL
_bEng
082 _a704.948
100 _aKogata, R.N.
_947159
245 _aLife :
_cby R. N. Kogata [and] Lalita Kogata
_bone hundred quotes and thoughts with one hundred paintings of Lord Krishna /
260 _aNew Delhi
_bD.K. Printworld
_c2012
270 _a'Srikunj', F-52, Bali Nagar, Ramesh Nagar Metro Station
_bNew Delhi
_e110015
300 _a106p. :
_c16cm(pbk)
_bcol. ill.
700 _aKogata, Lalita
_91167
942 _2ddc
_cEN
_mKOG
_h704.948
999 _c66855
_d66855